| 000 | 00366nam a22001457a 4500 | ||
|---|---|---|---|
| 003 | OSt | ||
| 020 | _aNA | ||
| 040 | _c0 | ||
| 082 |
_222 _a621.381520 |
||
| 100 | _aMaheshwari, L. K. and Anand, M. M. S. | ||
| 245 | _aLaboratory experiments and Pspice simulations in analog electronics / | ||
| 260 |
_bPrentice Hall, _cc2006. |
||
| 300 |
_a0 _bill. ; |
||
| 942 |
_2ddc _cEE |
||
| 999 |
_c4358 _d4358 |
||